Statystyki dla Dopasuj Członków Grup Rockowo Metalowych Do Ich Zespołów

Kliknij tutaj aby rozwiązać quiz!

Ogólne statystyki

  • Ten quiz został rozwiązany 334 razy
  • Średni wynik to 11 z 15

Statystyki odpowiedzi

CzłonekGrupa% Poprawnych
Kurt CobainNirvana
97%
James HetfieldMetallica
94%
Ozzy OsbourneBlack Sabbath
91%
Axl RoseGuns N Roses
90%
John LennonThe Beatles
88%
Brian MayQueen
79%
Mick JaggerThe Rolling Stones
79%
Chester BenningtonLinkin Park
69%
Serj TankianSystem of a Down
66%
Dave MustaineMegadeth
65%
Brian JohnsonAC/DC
64%
Corey TaylorSlipknot
64%
Jim MorrisonThe Doors
63%
Roger WatersPink Floyd
59%
Steve HarrisIron Maiden
53%

Rozkład punktacji

Percentyl według liczby udzielonych odpowiedzi

Procent ludzi z każdym wynikiem

Twoja historia wyników

Nie rozwiązałeś tego quizu